• 首页
  • 本馆介绍
  • 公告通知
  • 最新文献
  • 馆藏检索
  • 电子资源
  • 读者导购
  • 参考咨询
  • 我的图书馆
  • 登录
  • 详细信息显示
  • 放入我的书架
  • 预约/预借图书
  • 作者相关作品
  • 分类相关作品
  • 丛书相关作品
  • 出版社相关作品

书目信息

  • 表格格式
  • 工作单格式
  • 卡片格式
题名:
数学与BASIC
    
 
作者: 细井勉 , 齐红 著
分册:  
出版信息: 北京   春秋出版社  1989.10
页数: 230页
开本: 19cm
丛书名: 智力开发译丛
单 册:
中图分类: TP312 , G4-51
科图分类: 51.85
主题词: 程序设计--普及读物 , 教育
电子资源:
ISBN: 7-5069-0185-4
000 00914nam2 2200301 45
001 0190001814
005 20061101102920.37
010    @a7-5069-0185-4@dCNY3.00
100    @a19921104d1989 em y0chiy0121 ea
101 1  @achi@cjpn
102    @aCN@b110000
105    @ay z 000yy
200 10 @a数学与BASIC@ASHU XUE YU BASIC@f(日)细井勉著@F( RI ) XI JING MIAN ZHU@g齐 红译
210    @a北京@c春秋出版社@d1989.10
215    @a230页@d19cm
225 2  @a智力开发译丛@f廖一帆主编
330    @a本书主要介绍数学,特别是与计算机科学密切相关的代数学中典型问题的程序设计方法和技巧。
410  0 @120010@a智力开发译丛
540 1  @a数学 BASIC@ASHU XUE BASIC
606    @a程序设计@x普及读物
606 0  @a教育
690    @aTP312@v三版
690    @aG4-51@v3
692    @a51.85
701  0 @a细井勉@AXI JING MIAN@4著
701  0 @a齐红@AQI HONG@4译
801  0 @aCN@bTSSF@c20061101
905    @a10447@dG4-51@e25:12
    
    数学与BASIC/(日)细井勉著/齐 红译.-北京:春秋出版社,1989.10
    230页;19cm.-(智力开发译丛/廖一帆主编)
    
    
    ISBN 7-5069-0185-4:CNY3.00
    本书主要介绍数学,特别是与计算机科学密切相关的代数学中典型问题的程序设计方法和技巧。
●
相关链接 在E读中查询图书 在五车中查询图书 在当当中查询图书 在豆瓣中查询图书


正题名:数学与BASIC     索取号:G4-51/25:12         预约/预借

序号 登录号 条形码 馆藏地/架位号 状态 备注
1 0227627   002055705   第一样本阅览室/ [索取号:G4-51/25:12] 在馆    
唐山师范学院图书馆 欢迎您!
大连网信软件有限公司© 版权所有